| 000 | 00614nam a22001937a 4500 | ||
|---|---|---|---|
| 005 | 20170814160629.0 | ||
| 010 | _aENG-119699 | ||
| 020 |
_c225.00 _a9789350570128 |
||
| 035 | _aEN-103231 | ||
| 037 | _bDBAD/PUB | ||
| 082 | _a005.133 | ||
| 100 | _aBhown, Ishita | ||
| 245 |
_aComprehensive computer learing a youngsters' guide / _cby Ishita Bhown [and] Navneet Mehra. |
||
| 260 |
_aHyderabad _bV & S Publishers _c2013 |
||
| 270 |
_aF-2/16, Ansari Road, Daryaganj, _bNew Delhi _e110002 |
||
| 300 |
_a288p.: _c24cm(pbk) _bill. |
||
| 700 | _aMehra,Navneet | ||
| 942 |
_2ddc _cEN _h005.133 _mBHO |
||
| 999 |
_c143367 _d143367 |
||